[Event "URU-chTA"]
[Site "Montevideo"]
[Date "2021.10.03"]
[Round "4.3"]
[White "Griselka, Diego"]
[Black "Aprahamian, Tomas"]
[Result "0-1"]
[WhiteElo "1737"]
[BlackElo "1614"]
[PlyCount "82"]
[EventDate "2021.10.01"]
[EventType "team-swiss"]
[EventRounds "5"]
[EventCountry "URU"]
[SourceTitle "EXT 2023"]
[Source "ChessBase"]
[SourceDate "2022.10.05"]
[SourceVersion "1"]
[SourceVersionDate "2022.10.05"]
[SourceQuality "1"]
[WhiteTeam "Cerro Nau64"]
[BlackTeam "La Proa"]
[WhiteTeamCountry "URU"]
[BlackTeamCountry "URU"]

1. c4 e5 2. Nc3 d6 3. g3 Be6 4. d3 Nc6 5. Bg2 Qd7 6. e3 Nge7 7. Nge2 Bh3 8. 0-0 h5 9. d4 h4 10. Bxc6 Qxc6 11. d5 Qd7 12. Qa4 Bxf1 13. Kxf1 c6 14. Ng1 hxg3 15. hxg3 Rh2 16. e4 cxd5 17. Qxd7+ Kxd7 18. cxd5 Rc8 19. Be3 a6 20. Ke2 b5 21. Nf3 Rh5 22. Ng5 Ke8 23. Kd3 Ng6 24. b4 Be7 25. Nf3 f5 26. a4 bxa4 27. Rxa4 f4 28. gxf4 exf4 29. Bd4 Ne5+ 30. Bxe5 dxe5 31. Nd2 Rh3+ 32. f3 Rh6 33. Nc4 Rh3 34. Nd2 g5 35. b5 axb5 36. Nxb5 g4 37. Ke2 Rh2+ 38. Kd3 g3 39. d6 g2 40. Ra7 g1Q 41. Nc7+ Kf7 0-1

[Event "Montevideo Trebejos op 08"]
[Site "Montevideo"]
[Date "2021.08.21"]
[Round "3"]
[White "Romero, Juan"]
[Black "Aprahamian, Tomas"]
[Result "0-1"]
[WhiteElo "1410"]
[BlackElo "1584"]
[PlyCount "118"]
[EventDate "2021.08.20"]
[EventType "swiss"]
[EventRounds "5"]
[EventCountry "URU"]
[SourceTitle "CBM 204 Extra"]
[Source "ChessBase"]
[SourceDate "2021.11.30"]
[SourceVersion "1"]
[SourceVersionDate "2021.11.30"]
[SourceQuality "1"]

1. Nf3 d5 2. d4 Nf6 3. g3 e6 4. Bg2 c5 5. 0-0 Nc6 6. b3 b6 7. Bb2 Bb7 8. Nbd2 Be7 9. c4 Qc7 10. cxd5 exd5 11. Rc1 Qd6 12. Ba3 Nb4 13. Bxb4 cxb4 14. Ne5 0-0 15. Qc2 Rac8 16. Qb2 Ba6 17. Bf3 Bb7 18. Rxc8 Rxc8 19. Rc1 Rxc1+ 20. Qxc1 Nd7 21. Nxd7 Qxd7 22. Nf1 Bf6 23. e3 Kf8 24. a3 Be7 25. a4 Qc6 26. Qxc6 Bxc6 27. h4 f6 28. Be2 Ke8 29. Bd3 g6 30. h5 Kf7 31. Kg2 f5 32. hxg6+ hxg6 33. Kf3 Kf6 34. Nh2 Bd6 35. Nf1 Be8 36. g4 fxg4+ 37. Kxg4 Bd7+ 38. Kf3 Kg5 39. Ng3 Bg4+ 40. Kg2 Bd1 41. Be4 Bxb3 42. f4+ Kf6 43. Bf3 Bc4 44. Bd1 a5 45. Kf3 g5 46. e4 Bxf4 47. Nh5+ Ke6 48. Nxf4+ gxf4 49. Kxf4 dxe4 50. Kxe4 b5 51. axb5 Bxb5 52. d5+ Kd6 53. Kd4 Bf1 54. Bb3 Bb5 55. Bd1 a4 56. Bc2 a3 57. Bb3 Ba4 58. Bc4 Bc2 59. Ke3 b3 0-1

[Event "Wch FIDE Online U12 America qual"]
[Site "Tornelo INT"]
[Date "2020.12.03"]
[Round "5"]
[White "Aprahamian, Tomas"]
[Black "Garzon Zapatanga, Christopher Leonel"]
[Result "0-1"]
[WhiteElo "1404"]
[BlackElo "1697"]
[PlyCount "134"]
[EventDate "2020.12.01"]
[EventType "swiss (rapid)"]
[EventRounds "7"]
[EventCountry "ISS"]
[SourceTitle "EXT 2022"]
[Source "ChessBase"]
[SourceDate "2021.10.06"]
[SourceVersion "1"]
[SourceVersionDate "2021.10.06"]
[SourceQuality "1"]

1. d4 Nf6 2. Nf3 g6 3. e3 Bg7 4. c4 c5 5. Nc3 0-0 6. Be2 d6 7. 0-0 cxd4 8. exd4 Bg4 9. b3 Nc6 10. Bb2 Rc8 11. d5 Bxf3 12. Bxf3 Ne5 13. Qe2 Qd7 14. Rad1 a6 15. Ba1 b5 16. Ne4 Nxf3+ 17. Qxf3 Nxe4 18. Qxe4 Bxa1 19. Rxa1 bxc4 20. bxc4 Rc7 21. Rac1 Rfc8 22. Rfe1 Qa4 23. Qe2 a5 24. h3 Qb4 25. g3 Rxc4 26. Rxc4 Qxc4 27. Qxc4 Rxc4 28. Rxe7 Rc5 29. Ra7 Rxd5 30. Ra6 Kg7 31. Kg2 Kf6 32. Kf3 Ke6 33. Ke3 Rb5 34. h4 f6 35. Ra7 h5 36. Ra6 Ke5 37. Ra8 Ke6 38. Ra7 d5 39. Ra8 Ke5 40. Re8+ Kd6 41. Ra8 Ke6 42. Kd4 Rb4+ 43. Kc3 Rc4+ 44. Kd3 Ra4 45. Re8+ Kf5 46. Re2 Re4 47. Rb2 Ke5 48. Rb8 Ra4 49. Re8+ Kd6 50. Re2 Rb4 51. Rc2 a4 52. Re2 Rb1 53. Kc3 a3 54. Rd2 Kc5 55. Rc2 d4+ 56. Kd3+ Kd5 57. Rc8 Rb2 58. Rd8+ Ke5 59. Rxd4 Rxf2 60. Ra4 Rxa2 61. Kc3 Rg2 62. Rxa3 Rxg3+ 63. Kb4 Rxa3 64. Kxa3 Kf5 65. Kb3 Kg4 66. Kc4 Kxh4 67. Kd3 Kg3 0-1

[Event "Wch FIDE Online U12 America qual"]
[Site "Tornelo INT"]
[Date "2020.12.01"]
[Round "1"]
[White "Atanasov, Anthony"]
[Black "Aprahamian, Tomas"]
[Result "1-0"]
[WhiteElo "1979"]
[BlackElo "1404"]
[PlyCount "93"]
[EventDate "2020.12.01"]
[EventType "swiss (rapid)"]
[EventRounds "7"]
[EventCountry "ISS"]
[SourceTitle "EXT 2022"]
[Source "ChessBase"]
[SourceDate "2021.10.06"]
[SourceVersion "1"]
[SourceVersionDate "2021.10.06"]
[SourceQuality "1"]

1. d4 e6 2. Bf4 d5 3. e3 Nf6 4. Nf3 c5 5. Nbd2 Nc6 6. c3 Be7 7. Bd3 a6 8. Ne5 c4 9. Bc2 Qb6 10. Rb1 Nd7 11. Ndf3 Bf6 12. e4 Ndxe5 13. dxe5 Be7 14. exd5 exd5 15. Qxd5 Be6 16. Qd2 Rd8 17. Qe2 Bc5 18. Ng5 Bd5 19. e6 fxe6 20. Nxe6 Bxe6 21. Qxe6+ Kf8 22. Qf5+ Kg8 23. 0-0 g6 24. Qe6+ Kg7 25. b4 Bf8 26. Be5+ Nxe5 27. Qxb6 Rd2 28. Qxb7+ Nf7 29. Be4 Bd6 30. Bd5 Rf8 31. Bxc4 Be5 32. Bxf7 Rxf7 33. Qxa6 Bxc3 34. b5 Bd4 35. b6 Rfxf2 36. Rxf2 Rxf2 37. Kh1 Rf7 38. h3 Be5 39. b7 Bb8 40. g3 Rf2 41. Qb6 Rxa2 42. Qd4+ Kh6 43. Qe3+ Kg7 44. Qe7+ Kh6 45. Qf8+ Kg5 46. Qxb8 h5 47. Qf4# 1-0

[Event "URU-ch U20"]
[Site "Nueva Helvecia"]
[Date "2020.11.22"]
[Round "6"]
[White "Aprahamian, Tomas"]
[Black "Lanzilotta, Filippo"]
[Result "1/2-1/2"]
[WhiteElo "1539"]
[BlackElo "1179"]
[PlyCount "94"]
[EventDate "2020.11.20"]
[EventType "swiss"]
[EventRounds "6"]
[EventCountry "URU"]
[SourceTitle "CBM 199 Extra"]
[Source "ChessBase"]
[SourceDate "2021.01.31"]
[SourceVersion "1"]
[SourceVersionDate "2021.01.31"]
[SourceQuality "1"]

1. e4 e5 2. Nf3 Nf6 3. Nxe5 d6 4. Nf3 Nxe4 5. Nc3 Nxc3 6. dxc3 Nc6 7. Be3 Be7 8. Bd3 Ne5 9. Nxe5 dxe5 10. Qh5 Bf6 11. 0-0-0 Bd7 12. Bf5 g6 13. Bxd7+ Qxd7 14. Rxd7 gxh5 15. Rxc7 b6 16. Rd1 Bd8 17. Rb7 f5 18. f4 Rg8 19. fxe5 Rxg2 20. Rxh7 Be7 21. Rxh5 Re2 22. Rh8+ Bf8 23. Bh6 Kf7 24. Rd7+ Ke6 25. Rd4 Bxh6+ 26. Rxh6+ Kxe5 27. Rh7 Kf6 28. Rd6+ Kg5 29. h4+ Kf4 30. Rd4+ Ke3 31. Kd1 Rh2 32. Re7+ Kf3 33. Rd3+ Kf4 34. Re2 Rxh4 35. Rf2+ Kg5 36. Rd5 Rf4 37. Rxf4 Kxf4 38. Ke2 Rg8 39. Rd4+ Ke5 40. Kf3 Rg1 41. Rd2 f4 42. a4 Rb1 43. b3 Rg1 44. Rg2 Re1 45. Re2+ Rxe2 46. Kxe2 Ke4 47. c4 a5 1/2-1/2

[Event "URU-ch U20"]
[Site "Nueva Helvecia"]
[Date "2020.11.21"]
[Round "2"]
[White "Quintela, Sol"]
[Black "Aprahamian, Tomas"]
[Result "0-1"]
[WhiteElo "1077"]
[BlackElo "1539"]
[PlyCount "94"]
[EventDate "2020.11.20"]
[EventType "swiss"]
[EventRounds "6"]
[EventCountry "URU"]
[SourceTitle "CBM 199 Extra"]
[Source "ChessBase"]
[SourceDate "2021.01.31"]
[SourceVersion "1"]
[SourceVersionDate "2021.01.31"]
[SourceQuality "1"]

1. e4 e6 2. Nf3 d5 3. e5 c5 4. d3 Nc6 5. Bg5 Qb6 6. b3 Qc7 7. Bf4 Nge7 8. Be2 Ng6 9. Bg3 Ngxe5 10. Nxe5 Nxe5 11. Bxe5 Qxe5 12. Nd2 b6 13. Nf3 Qc3+ 14. Nd2 Be7 15. 0-0 Bf6 16. Rb1 Bb7 17. Bf3 Rb8 18. Re1 0-0 19. Qe2 Ba6 20. Nf1 c4 21. dxc4 dxc4 22. bxc4 Bxc4 23. Qe3 Bd5 24. Qe2 Bxa2 25. Ra1 Bc4 26. Qe4 Bd5 27. Qg4 Bxf3 28. gxf3 a5 29. Ng3 Qxc2 30. Re2 Qg6 31. Rae1 Qxg4 32. fxg4 b5 33. Ne4 a4 34. Nxf6+ gxf6 35. Re3 Rfc8 36. g5 f5 37. Rh3 b4 38. Rh4 b3 39. Rxa4 b2 40. Rb1 Rc1+ 41. Rxc1 bxc1Q+ 42. Kg2 Qc6+ 43. Kg3 Qxa4 44. f4 Qd1 45. Kg2 Rb3 46. Kf2 Rf3+ 47. Kg2 Qf1# 0-1

[Event "Montevideo Duchamp Cup 4th"]
[Site "Montevideo"]
[Date "2020.02.08"]
[Round "1"]
[White "Aprahamian, Tomas"]
[Black "Gaye, Gustavo"]
[Result "0-1"]
[WhiteElo "1415"]
[BlackElo "2001"]
[PlyCount "152"]
[EventDate "2020.02.08"]
[EventType "swiss"]
[EventRounds "9"]
[EventCountry "URU"]
[SourceTitle "CBM 194 Extra"]
[Source "ChessBase"]
[SourceDate "2020.03.31"]
[SourceVersion "1"]
[SourceVersionDate "2020.03.31"]
[SourceQuality "1"]

1. d4 c5 2. d5 d6 3. Nc3 g6 4. e4 Bg7 5. Nf3 Nf6 6. Bd3 0-0 7. 0-0 Na6 8. Bd2 Nc7 9. Qc1 b5 10. Re1 Rb8 11. Bh6 Bg4 12. Bxg7 Kxg7 13. Qd1 a6 14. h3 Bxf3 15. Qxf3 Qd7 16. b3 e6 17. dxe6 fxe6 18. Qe3 e5 19. Rad1 Ne6 20. Ne2 Nh5 21. Rd2 Qe7 22. Red1 Nf6 23. c4 b4 24. Bb1 Nd4 25. Nxd4 cxd4 26. Qe1 Nh5 27. f3 Qg5 28. Rc2 Rxf3 29. Kh2 Qf4+ 30. Kg1 Qe3+ 31. Kh2 Qf4+ 32. Kg1 Qe3+ 33. Kh2 Qxe1 34. Rxe1 Rc3 35. Rf1 Rxc2 36. Bxc2 Rf8 37. Rxf8 Kxf8 38. g3 Kf7 39. Kg2 Nf6 40. Kf3 Nd7 41. Kf2 Kf6 42. Kf3 h5 43. Bd3 Nc5 44. Bb1 a5 45. Bc2 g5 46. Bb1 h4 47. gxh4 gxh4 48. Kg4 d3 49. Kf3 Kg6 50. Ke3 Kg5 51. Kf3 d2 52. Bc2 Nd3 53. Ke3 Nf4 54. Kxd2 Nxh3 55. Bd1 Kf4 56. Bc2 Nf2 57. Ke2 Nxe4 58. Bxe4 Kxe4 59. Kf2 Kd3 60. Kf3 e4+ 61. Kf2 Kd2 62. c5 dxc5 63. a3 e3+ 64. Kf3 e2 65. axb4 cxb4 66. Ke4 e1Q+ 67. Kd4 Qc1 68. Ke4 Qc3 69. Kd5 Kd3 70. Ke6 Qc5 71. Kf6 Ke4 72. Ke6 Qc6+ 73. Kf7 Kf5 74. Ke7 Qc7+ 75. Kf8 Kf6 76. Ke8 Qc8# 0-1

[Event "South America-ch U12 16th"]
[Site "Buenos Aires"]
[Date "2019.12.02"]
[Round "2.3"]
[White "Aprahamian, Tomas"]
[Black "De Siqueira, Luigy Lira"]
[Result "1/2-1/2"]
[WhiteElo "1474"]
[BlackElo "1883"]
[PlyCount "63"]
[EventDate "2019.12.01"]
[EventType "swiss"]
[EventRounds "9"]
[EventCountry "ARG"]
[SourceTitle "EXT 2024"]
[Source "ChessBase"]
[SourceDate "2023.10.10"]
[SourceVersion "1"]
[SourceVersionDate "2023.10.10"]
[SourceQuality "1"]

1. d4 Nf6 2. Nf3 e6 3. e3 c5 4. b3 b6 5. Bb2 Bb7 6. Nbd2 Nc6 7. Bd3 Rc8 8. a3 cxd4 9. exd4 Be7 10. c4 0-0 11. 0-0 d5 12. Re1 h6 13. Rc1 Bd6 14. Ne5 dxc4 15. Ndxc4 Be7 16. Bb1 Nxe5 17. dxe5 Nd5 18. Qg4 Bg5 19. Rcd1 Qe7 20. Nd6 Rc7 21. Nxb7 Rxb7 22. Qe4 g6 23. g3 Qc5 24. b4 Qc8 25. Ba2 Rc7 26. h4 Rc2 27. hxg5 Rxb2 28. Bxd5 exd5 29. Qxd5 Qc2 30. Qd4 hxg5 31. Rc1 Qb3 32. Re3 1/2-1/2

[Event "Montevideo Duchamp Cup 3rd"]
[Site "Montevideo"]
[Date "2019.02.15"]
[Round "8"]
[White "Aprahamian, Tomas"]
[Black "Chamlian, Aram"]
[Result "0-1"]
[WhiteElo "1423"]
[BlackElo "1739"]
[PlyCount "130"]
[EventDate "2019.02.09"]
[EventType "swiss"]
[EventRounds "9"]
[EventCountry "URU"]
[SourceTitle "CBM 189 Extra"]
[Source "ChessBase"]
[SourceDate "2019.06.03"]
[SourceVersion "1"]
[SourceVersionDate "2019.06.03"]
[SourceQuality "1"]

1. d4 d5 2. Nf3 Nf6 3. e3 e6 4. Bd3 Be7 5. 0-0 0-0 6. c3 Nbd7 7. Nbd2 c5 8. Re1 Qc7 9. e4 dxe4 10. Nxe4 Nxe4 11. Bxe4 Nf6 12. Bc2 b6 13. Bg5 Bb7 14. Bxf6 Bxf6 15. Qd3 g6 16. dxc5 Qxc5 17. Rad1 Rad8 18. Qe2 Qc7 19. Be4 Bxe4 20. Qxe4 Rd7 21. Rxd7 Qxd7 22. Qc2 Rd8 23. h3 Qd6 24. Qe2 Bg7 25. Qe4 Qd5 26. Qxd5 Rxd5 27. Re2 Kf8 28. Rd2 Rxd2 29. Nxd2 Ke7 30. Kf1 Kd6 31. Ke2 Kd5 32. Kd3 f5 33. f3 e5 34. a3 b5 35. g4 Bh6 36. b3 Bxd2 37. Kxd2 fxg4 38. fxg4 Ke4 39. Ke2 g5 40. Kd2 Kf3 41. c4 bxc4 42. bxc4 Ke4 43. Kc3 a5 44. a4 h6 45. c5 Kd5 46. Kd3 Kxc5 47. Ke4 Kb4 48. Kxe5 Kxa4 49. Kf6 Kb3 50. Kg6 a4 51. Kxh6 a3 52. Kxg5 a2 53. h4 a1Q 54. h5 Qe5+ 55. Kg6 Qe6+ 56. Kg5 Kc4 57. h6 Qf7 58. Kh4 Qg6 59. g5 Kd5 60. Kg4 Ke4 61. h7 Qxh7 62. Kg3 Qh5 63. g6 Qxg6+ 64. Kf2 Qf6+ 65. Ke2 Qb2+ 0-1

[Event "Montevideo Duchamp Cup 3rd"]
[Site "Montevideo"]
[Date "2019.02.10"]
[Round "3"]
[White "Aprahamian, Tomas"]
[Black "Roselli, Federico"]
[Result "1-0"]
[WhiteElo "1423"]
[BlackElo "1074"]
[PlyCount "79"]
[EventDate "2019.02.09"]
[EventType "swiss"]
[EventRounds "9"]
[EventCountry "URU"]
[SourceTitle "CBM 188 Extra"]
[Source "ChessBase"]
[SourceDate "2019.02.26"]
[SourceVersion "1"]
[SourceVersionDate "2019.02.26"]
[SourceQuality "1"]

1. d4 d5 2. e3 Nf6 3. Bd3 g6 4. Nf3 Bg7 5. Nbd2 Bg4 6. b3 0-0 7. h3 Bxf3 8. Qxf3 Re8 9. Bb2 c6 10. 0-0 Nbd7 11. c4 e5 12. Qd1 Qc7 13. cxd5 cxd5 14. Rc1 Qa5 15. Bb1 Qa6 16. b4 exd4 17. Bxd4 Ne5 18. Qb3 Nc6 19. Bxf6 Bxf6 20. b5 Qa5 21. bxc6 Qxd2 22. cxb7 Rab8 23. Rc2 Qa5 24. Rfc1 Qa6 25. Rc6 Qxb7 26. Qxb7 Rxb7 27. Rxf6 Reb8 28. Bd3 Rb2 29. Ra6 Rd2 30. Bf1 Rbb2 31. Rxa7 Rxf2 32. Ra8+ Kg7 33. Ra1 Rfc2 34. a4 Rb7 35. a5 Rcc7 36. a6 Ra7 37. Rxa7 Rxa7 38. Bb5 Kf6 39. Bc6 Ke6 40. Bb7 1-0

[Event "Pan American-ch U10"]
[Site "Santiago de Chile"]
[Date "2018.07.25"]
[Round "6"]
[White "Aprahamian, Tomas"]
[Black "Diaz Pisfil, Ahilton Cesar"]
[Result "1-0"]
[WhiteElo "1463"]
[BlackElo "1103"]
[PlyCount "69"]
[EventDate "2018.07.22"]
[EventType "swiss"]
[EventRounds "9"]
[EventCountry "CHI"]
[SourceTitle "EXT 2022"]
[Source "ChessBase"]
[SourceDate "2021.10.06"]
[SourceVersion "1"]
[SourceVersionDate "2021.10.06"]
[SourceQuality "1"]

1. d4 d5 2. Nf3 Nf6 3. e3 e6 4. Bd3 c5 5. c3 Be7 6. 0-0 0-0 7. Nbd2 Nc6 8. dxc5 Bxc5 9. e4 Qc7 10. exd5 Nxd5 11. Nb3 Bd6 12. Qc2 h6 13. h3 Re8 14. Nbd4 Nxd4 15. Nxd4 a6 16. Bd2 b6 17. Ne2 Bb7 18. a3 Nf6 19. Nd4 Rec8 20. Rac1 Qd8 21. Rfe1 Bc5 22. Be3 Qd5 23. Nf3 Qd8 24. Bxc5 Rxc5 25. Rcd1 Qc8 26. Nd4 Nd5 27. Be4 Rc7 28. Bxd5 Bxd5 29. Ne2 Qb7 30. Nf4 Rd8 31. Nxd5 Rxd5 32. Rxd5 Qxd5 33. Rd1 Qa8 34. Rd4 Qc8 35. Qd3 1-0

[Event "Pan American-ch U10"]
[Site "Santiago de Chile"]
[Date "2018.07.23"]
[Round "2"]
[White "Aprahamian, Tomas"]
[Black "Lanzilotta, Filippo"]
[Result "1-0"]
[WhiteElo "1463"]
[BlackElo "1195"]
[PlyCount "49"]
[EventDate "2018.07.22"]
[EventType "swiss"]
[EventRounds "9"]
[EventCountry "CHI"]
[SourceTitle "EXT 2022"]
[Source "ChessBase"]
[SourceDate "2021.10.06"]
[SourceVersion "1"]
[SourceVersionDate "2021.10.06"]
[SourceQuality "1"]

1. d4 d5 2. Nf3 Nf6 3. e3 Bf5 4. Bd3 Bg4 5. Nbd2 Nc6 6. c4 e5 7. dxe5 Nxe5 8. Qa4+ Bd7 9. Qc2 Nfg4 10. cxd5 Bb4 11. 0-0 Bxd2 12. Nxd2 Qg5 13. Be2 Nxe3 14. fxe3 Bh3 15. Rf2 Ng4 16. Qe4+ Kf8 17. Bxg4 Qxg4 18. Qxg4 Bxg4 19. b3 Re8 20. Ba3+ Kg8 21. Raf1 Rxe3 22. Rxf7 h6 23. Bb2 Re5 24. Bxe5 Rh7 25. Rf8# 1-0

[Event "American Continental 14th"]
[Site "Montevideo"]
[Date "2018.06.07"]
[Round "8"]
[White "Aprahamian, Tomas"]
[Black "Baratta, Daniel"]
[Result "1-0"]
[WhiteElo "1399"]
[BlackElo "1193"]
[PlyCount "81"]
[EventDate "2018.06.01"]
[EventType "swiss"]
[EventRounds "11"]
[EventCountry "URU"]
[SourceTitle "CBM 184 Extra"]
[Source "ChessBase"]
[SourceDate "2018.06.28"]
[SourceVersion "1"]
[SourceVersionDate "2018.06.28"]
[SourceQuality "1"]

1. d4 Nf6 2. Nf3 g6 3. e3 Bg7 4. Be2 0-0 5. 0-0 d6 6. c4 c5 7. Nc3 Nbd7 8. b3 Re8 9. Bb2 cxd4 10. exd4 b6 11. Qc2 Bb7 12. Rfd1 Rc8 13. Qd3 e5 14. dxe5 dxe5 15. Nd2 Qe7 16. Nb5 Bf8 17. Nxa7 Ra8 18. Nb5 Red8 19. Qg3 Bg7 20. a4 Ne8 21. Ba3 Qe6 22. Rac1 Rac8 23. Nf3 Bc6 24. Nd6 Nxd6 25. Rxd6 Qe8 26. Rdd1 Nc5 27. Bxc5 bxc5 28. Rxd8 Rxd8 29. Rd1 Rb8 30. Nd2 Rd8 31. Nb1 Rb8 32. Na3 Rb7 33. Nb5 Qe6 34. Rd6 Qc8 35. Qd3 Bf8 36. Rd8 Qe6 37. h3 e4 38. Qd2 Kg7 39. Qc3+ Kg8 40. Nd6 Re7 41. Rxf8+ 1-0

[Event "URU-ch U20/Girls"]
[Site "Nueva Helvecia"]
[Date "2018.04.22"]
[Round "5"]
[White "Rodriguez Delfino, Tiago"]
[Black "Aprahamian, Tomas"]
[Result "1/2-1/2"]
[WhiteElo "1407"]
[BlackElo "1402"]
[PlyCount "100"]
[EventDate "2018.04.21"]
[EventType "swiss"]
[EventRounds "6"]
[EventCountry "URU"]
[SourceTitle "CBM 184 Extra"]
[Source "ChessBase"]
[SourceDate "2018.06.28"]
[SourceVersion "1"]
[SourceVersionDate "2018.06.28"]
[SourceQuality "1"]

1. e4 e6 2. d4 d5 3. exd5 exd5 4. Bd3 Nf6 5. Nf3 Bd6 6. 0-0 0-0 7. Bg5 Be7 8. Re1 Bg4 9. h3 Bh5 10. Nc3 c6 11. Qe2 Re8 12. Bxf6 gxf6 13. Qe3 Nd7 14. Qh6 Bg6 15. Nh4 Bf8 16. Qf4 Qb6 17. Nxg6 fxg6 18. Qg4 Qd8 19. h4 Bg7 20. h5 f5 21. Qg3 Nf8 22. Ne2 Qf6 23. Nf4 g5 24. Nh3 g4 25. Nf4 h6 26. c3 Qg5 27. f3 Rad8 28. fxg4 Qxg4 29. Qxg4 fxg4 30. Ng6 b6 31. Ne7+ Kh8 32. Nxc6 Rxe1+ 33. Rxe1 Ra8 34. Re7 a6 35. g3 Bf6 36. Rf7 Bg5 37. Ne5 b5 38. Rxf8+ Rxf8 39. Ng6+ Kg7 40. Nxf8 Kxf8 41. b3 Bd2 42. c4 bxc4 43. bxc4 dxc4 44. Bxc4 Be3+ 45. Kf1 Bxd4 46. Bxa6 Kf7 47. a4 Kf6 48. Bd3 Kg5 49. Bg6 Bb6 50. Ke2 Kf6 1/2-1/2

[Event "Montevideo Trebejos op 10"]
[Site "Montevideo"]
[Date "2017.10.24"]
[Round "6"]
[White "Campora, Edgardo"]
[Black "Aprahamian, Tomas"]
[Result "1-0"]
[WhiteElo "1716"]
[BlackElo "1293"]
[PlyCount "33"]
[EventDate "2017.10.03"]
[EventType "swiss"]
[EventRounds "6"]
[EventCountry "URU"]
[SourceTitle "CBM 181 Extra"]
[Source "ChessBase"]
[SourceDate "2017.12.12"]
[SourceVersion "1"]
[SourceVersionDate "2017.12.12"]
[SourceQuality "1"]

1. e4 e6 2. Nf3 d5 3. Nc3 Nf6 4. e5 Nfd7 5. d4 c5 6. dxc5 Nc6 7. Bf4 Bxc5 8. Bd3 f6 9. exf6 Qxf6 10. Bg5 Qf7 11. Qe2 0-0 12. Bh4 h6 13. 0-0-0 a6 14. Rhe1 e5 15. Nxd5 Kh8 16. Qe4 b5 17. Qh7# 1-0

[Event "URU-chTB"]
[Site "Uruguay"]
[Date "2017.07.08"]
[Round "4.1"]
[White "Aprahamian, Tomas"]
[Black "Cucchi, Leonardo"]
[Result "1-0"]
[WhiteElo "1291"]
[BlackElo "1364"]
[PlyCount "25"]
[EventDate "2017.07.07"]
[EventType "team-swiss"]
[EventRounds "5"]
[EventCountry "URU"]
[SourceTitle "EXT 2018"]
[Source "ChessBase"]
[SourceDate "2017.10.13"]
[SourceVersion "1"]
[SourceVersionDate "2017.10.13"]
[SourceQuality "1"]
[WhiteTeam "La Proa  J"]
[BlackTeam "CBR Juvenil"]
[WhiteTeamCountry "URU"]
[BlackTeamCountry "URU"]

1. d4 d5 2. e3 Nf6 3. Nf3 e6 4. Bd3 c5 5. c3 Nc6 6. 0-0 Bd6 7. Nbd2 0-0 8. e4 c4 9. Bc2 Re8 10. e5 Bc7 11. exf6 Qxf6 12. Re1 Nb4 13. cxb4 1-0